000 00797nam a2200253 i 4500
001 bg
003 KOSZ 005
005 20190725122521.0
008 071103s1968 pl a f 000 0 pol
015 _aPB 1968/9665
040 _aWA N
_cKOSZ 005/RW
_dKOSZ 005/RW
080 _a624:691
100 1 _aDąbrowski, Zygmunt
_c(inżynier).
245 1 0 _aStrop prefabrykowany DZ-3 /
_cZygmunt Dąbrowski.
250 _aWyd. 3 uzup.
260 _aWarszawa :
_b"Arkady",
_c1968.
300 _a102 s. :
_bil. ;
_c24 cm.
380 _aKsiążki.
650 4 _aStropy
_xmateriały.
650 4 _aPrefabrykaty
710 2 _aWydawnictwo "Arkady".
_4pbl.
856 _uhttp://koha.tu.koszalin.pl/cgi-bin/koha/opac-detail.pl?biblionumber=11433
_yKatalog online BPK
942 _2UKD
_cKS
999 _c11433
_d11433